|
|
|
|
| LEADER |
00000cam a2200000 7i4500 |
| 001 |
0000005030 |
| 005 |
20151222.0 |
| 008 |
070801 |
| 020 |
|
|
|a 9839210688(set)
|
| 020 |
|
|
|a 9839210742
|
| 090 |
0 |
0 |
|a BIO
|b MAL
|
| 100 |
0 |
|
|a Nurul Iman Ramli
|
| 245 |
1 |
0 |
|a Seniman Agung Tan Sri P.Ramlee
|c Nurul Iman Ramli
|
| 260 |
|
|
|a Selangor :
|b Pustaka Penamas ,
|c 2006
|
| 440 |
|
|
|a Siri kegemilangan tokoh-tokoh negara
|
| 500 |
|
|
|a Children ages 10-12 years old (pink)
|
| 650 |
|
0 |
|a Biografi
|
| 650 |
|
0 |
|a Junior fiction
|x Malay
|x Languages
|
| 999 |
|
|
|a 0000915569
|b Book
|c Teenagers
|e Cawangan Bandar Tenggara
|
| 999 |
|
|
|a 0000915570
|b Book
|c Teenagers
|e Cawangan Bandar Tenggara
|
| 999 |
|
|
|a 0000915571
|b Book
|c Teenagers
|e Cawangan Bandar Tenggara
|
| 999 |
|
|
|a 0000979138
|b Book
|c Children Collection
|e Cawangan Kota Tinggi
|
| 999 |
|
|
|a 0000979139
|b Book
|c Children Collection
|e Cawangan Tangkak
|
| 999 |
|
|
|a 0000979140
|b Book
|c Children Collection
|e Cawangan Tmn. Ungku Tun Aminah
|
| 999 |
|
|
|a 0000979141
|b Book
|c Children Collection
|e Perbadanan Perpustakaan Awam Johor
|
| 999 |
|
|
|a 0000979142
|b Book
|c Children Collection
|e Perbadanan Perpustakaan Awam Johor
|
| 999 |
|
|
|a 0000990923
|b Book
|c Children Collection
|e Cawangan Tangkak
|
| 999 |
|
|
|a 0000990924
|b Book
|c Teenagers
|e Cawangan Bandar Tenggara
|
| 999 |
|
|
|a 0001016905
|b Book
|c Children Collection
|e Cawangan Tmn. Ungku Tun Aminah
|
| 999 |
|
|
|a 0001016907
|b Book
|c Children Collection
|e Cawangan Taman Universiti
|
| 999 |
|
|
|a 0001016908
|b Book
|c Children Collection
|e Cawangan Bandar Penawar
|